| 000 | 00478nam a22001337a 4500 | ||
|---|---|---|---|
| 020 | _a969408136 | ||
| 082 |
_a346.0463 _bALW |
||
| 100 | _aHassan Abdullah Alwi Haji | ||
| 245 |
_aSales and contracts in early Islamic commercial law / _bIslamic Research Institute, Islamabad: Publication no.92 _cAbdullah Alwi Haji Hassan |
||
| 260 |
_aIslamabad, _bIslamic Research Institute, _c1986. |
||
| 300 | _a266,p. | ||
| 650 |
_aIslamic commercial law _9127959 |
||
| 942 |
_2ddc _cBK |
||
| 999 |
_c612953 _d612953 |
||